| 000 | 02932nam0a2200433 4500 | ||
|---|---|---|---|
| 001 | RU\NLR\bibl\1368700 | ||
| 005 | 20250615190007.0 | ||
| 021 |
_aRU _b2009-21223 _91255 |
||
| 035 | _a(nilc)EL/0000282148 | ||
| 035 | _aROSTOV\BIBL\0000149557 | ||
| 035 | _a(NLR Aleph) 001360841 | ||
| 090 |
_a980192 _c980192 |
||
| 100 | _a20090428d2009 |||y0rusy50 ca | ||
| 101 | 0 | _arus | |
| 102 | _aRU | ||
| 105 | _aa ||||||||| | ||
| 106 | _ar | ||
| 200 | 1 |
_aМетрология, стандартизация и сертификация _eучебно-методическое пособие для студентов специальностей 190702 "Организация и безопасность движения", 190603 "Сервис и техническая эксплуатация транспортных и технологических машин и оборудования (автомобильный транспорт)", 190601 "Автомобили и автомобильное хозяйство" всех форм обучения _fБ.Ю. Калмыков, В.И. Жигульский, О.М. Калмыкова _gФедер. агентство по образованию, Гос. образоват. учреждение высш. проф. образования "Юж.-Рос. гос. ун-т экономики и сервиса" (ГОУ ВПО "ЮРГУЭС") |
|
| 205 | _aИзд. 2-е, доп. и испр. | ||
| 210 |
_aШахты [Рост. обл.] _cГОУ ВПО "ЮРГУЭС" _d2009 |
||
| 215 |
_a103 с. _cил. _d21 |
||
| 313 | _a1-е изд. ГАК нет | ||
| 320 | _aБиблиогр.: с. 70-71 (17 назв.) | ||
| 606 | 1 |
_aАвтомобили _jУчебно-методические пособия для высших учебных заведений _xСертификация _91083238 _3RU\NLR\auth\66104842 |
|
| 606 | 1 |
_aАвтомобильный транспорт _jУчебно-методические пособия для высших учебных заведений _xСтандартизация _92318819 _3RU\NLR\auth\661387348 |
|
| 606 | 1 |
_aАвтомобильный транспорт _jУчебно-методические пособия для высших учебных заведений _xМетрологическая служба _92319413 _3RU\NLR\auth\661387660 |
|
| 686 |
_a34.41я7 _2rubbk |
||
| 686 | _aО33-080.06я73-1 | ||
| 686 | _aО3ц.я73-1 | ||
| 700 | 1 |
_aКалмыков _bБ. Ю. _gБорис Юрьевич _4070 |
|
| 701 | 1 |
_aЖигульский _bВ. И. _gВладимир Иванович _4070 |
|
| 701 | 1 |
_aКалмыкова _bО. М. _gОльга Михайловна _4070 |
|
| 801 | 0 |
_aRU _bДонская ГПБ _c20090428 _grcr |
|
| 801 | 1 |
_aRU _bДонская ГПБ _c20090428 _2rusmarc |
|
| 801 | 2 |
_aRU _bNLR _c20090514 _grcr |
|
| 830 | _aБиблиограф Пальчикова | ||
| 942 | _cBOOK | ||
| 980 | _aNB | ||